Giáo trình kinh tế lâm nghiệp

保存先:
書誌詳細
第一著者: Bùi Minh Vũ.
フォーマット: 図書
言語:Vietnamese
出版事項: Thống kê 2001
タグ: タグ追加
タグなし, このレコードへの初めてのタグを付けませんか!
Thư viện lưu trữ: Mạng thư viện Đại học Đà Nẵng
LEADER 00618nam a2200253 4500
001 000021154
003 17601
005 20150407140437.0
008 150407s2001 viesd
020 |c 24000 
041 0 |a vie 
082 1 4 |a 333.75  |b BU-V 
100 1 |a Bùi Minh Vũ. 
245 1 0 |a Giáo trình kinh tế lâm nghiệp  |c Bùi Minh Vũ. 
260 |b Thống kê  |c 2001 
300 |a tr.  |c cm. 
OWN |a LSP 
999 |a From the UDN01 
TYP |a Monograph 
TYP |a Printed language 
980 |a Mạng thư viện Đại học Đà Nẵng